| 000 | 00877cam a22002773a 4500 | ||
|---|---|---|---|
| 001 | 1541 | ||
| 003 | PGUSA | ||
| 005 | 20140828083003.0 | ||
| 008 | 981101s1998||||xxu|||||s|||||000 | eng d | ||
| 040 |
_aPGUSA _beng |
||
| 042 | _adc | ||
| 050 | 4 | _aPR | |
| 100 | 1 |
_aShakespeare, William, _d1564-1616 |
|
| 245 | 1 | 4 |
_aThe Life of Henry the Eighth _h[electronic resource] / _cWilliam Shakespeare |
| 260 |
_bProject Gutenberg, _c1998 |
||
| 506 | _aPublic domain in the USA. | ||
| 516 | _aElectronic text | ||
| 653 | _aGreat Britain -- History -- Henry VIII, 1509-1547 -- Drama | ||
| 653 | _aGreat Britain -- Kings and rulers -- Drama | ||
| 653 | _aHistorical drama | ||
| 653 | _aHenry, VIII, King of England, 1491-1547 -- Drama | ||
| 740 | 0 | _aThe Life of Henry VIII | |
| 830 | 0 |
_aProject Gutenberg _v1541 |
|
| 856 | 4 | 0 | _uhttp://www.gutenberg.org/ebooks/1541 |
| 942 | _cEB | ||
| 999 |
_c230889 _d230889 |
||